[Event "East Grand Rapids op"]
[Site "East Grand Rapids"]
[Date "2004.03.28"]
[Round "5"]
[White "Ford, Adam"]
[Black "Pratt, Gary"]
[Result "0-1"]
[WhiteElo "1355"]
[BlackElo "1738"]
[PlyCount "60"]
[EventDate "2004.03.27"]
[EventType "swiss"]
[EventRounds "5"]
[EventCountry "USA"]
[SourceTitle "EXT 2007"]
[Source "ChessBase"]
[SourceDate "2006.11.23"]
[SourceVersion "1"]
[SourceVersionDate "2006.11.23"]
[SourceQuality "1"]

1. e4 c5 2. Nf3 d6 3. d4 cxd4 4. Nxd4 Nf6 5. Nc3 g6 6. Be3 Bg7 7. Qd2 Ng4 8. 0-0-0 Nxe3 9. Qxe3 Nc6 10. Nf3 0-0 11. Bb5 Qa5 12. Bxc6 bxc6 13. Kd2 Rb8 14. Rb1 d5 15. e5 c5 16. Ke1 d4 17. Nxd4 cxd4 18. Qxd4 Bxe5 19. Qd1 Ba6 20. f3 Rfd8 21. Qc1 Bxc3+ 22. bxc3 Qxc3+ 23. Kf2 Rxb1 24. Qxb1 Rd2+ 25. Kg3 Qe5+ 26. Kh3 Qh5+ 27. Kg3 Qg5+ 28. Kh3 Qxg2+ 29. Kh4 Rd4+ 30. f4 Rxf4# 0-1

[Event "Lansing op"]
[Site "Lansing"]
[Date "2002.09.02"]
[Round "6"]
[White "Raban, David"]
[Black "Ford, Adam"]
[Result "1-0"]
[WhiteElo "1608"]
[BlackElo "1232"]
[PlyCount "62"]
[EventDate "2002.08.30"]
[EventType "swiss"]
[EventRounds "7"]
[EventCountry "USA"]
[SourceTitle "EXT 2007"]
[Source "ChessBase"]
[SourceDate "2006.11.23"]
[SourceVersion "1"]
[SourceVersionDate "2006.11.23"]
[SourceQuality "1"]

1. d4 e6 2. e4 d5 3. e5 c5 4. c3 Nc6 5. Nf3 Qb6 6. Bd3 Bd7 7. dxc5 Bxc5 8. Qe2 Nge7 9. b4 Nxb4 10. cxb4 Bxb4+ 11. Bd2 d4 12. Bxb4 Qxb4+ 13. Qd2 Qc5 14. 0-0 Bc6 15. Rc1 Qb6 16. Na3 Bxf3 17. Rab1 Qd8 18. gxf3 b6 19. Bb5+ Kf8 20. Bd3 Qd5 21. Be4 Qxe5 22. Bxa8 Qb8 23. Be4 f5 24. Qxd4 fxe4 25. Qxe4 Qd6 26. Qa8+ Kf7 27. Qxh8 Qxa3 28. Qxh7 Qxf3 29. Qh4 Nf5 30. Qg5 Qe4 31. Rc7+ Kg8 1-0

[Event "Romulus op"]
[Site "Romulus"]
[Date "2000.09.03"]
[Round "3"]
[White "Swathell, Gary"]
[Black "Ford, Adam"]
[Result "1-0"]
[WhiteElo "1500"]
[BlackElo "817"]
[PlyCount "91"]
[EventDate "2000.09.01"]
[EventType "swiss"]
[EventRounds "7"]
[EventCountry "USA"]
[SourceTitle "EXT 2007"]
[Source "ChessBase"]
[SourceDate "2006.11.23"]
[SourceVersion "1"]
[SourceVersionDate "2006.11.23"]
[SourceQuality "1"]

1. d4 d5 2. c4 dxc4 3. e4 Nf6 4. Nc3 Nc6 5. d5 Ne5 6. Nf3 Nxf3+ 7. Qxf3 Bg4 8. Qe3 e5 9. Bxc4 b6 10. 0-0 Bc5 11. Qe1 0-0 12. a3 a5 13. Bg5 Be7 14. h3 Bh5 15. Be2 Bxe2 16. Qxe2 Rc8 17. Rfd1 h6 18. Bxf6 Bxf6 19. Nb5 Qd7 20. Na7 Ra8 21. Nc6 Be7 22. Nxe7+ Qxe7 23. Rac1 c5 24. dxc6 Rac8 25. Qb5 Rfd8 26. Rxd8+ Qxd8 27. Qxe5 Kf8 28. c7 Qd2 29. Qc3 Qxc3 30. Rxc3 Ke7 31. Rc6 Kd7 32. Rxb6 Rxc7 33. b4 Rc3 34. bxa5 Rxa3 35. Ra6 g6 36. f3 Ra2 37. Ra7+ Ke6 38. a6 f5 39. exf5+ Kxf5 40. Kh2 Kg5 41. Kg3 h5 42. h4+ Kf6 43. Ra8 Ke7 44. a7 Kf7 45. Rh8 Rxa7 46. Rh7+ 1-0